002630000a220007300045001000021000002450093000213000053001147730022001671 aWesselius, J. W.10aJoab's death and the central theme of the succession narrative (2 Samuel 9:1-1, Kings 2) aVol. 40, Num. 3 (Julio, 1990), Páginas 336-3510 tVetus Testamentum